Statistics for 20 Most Streamed Songs from 2003 on Spotify

Click here to take the quiz!

General Stats

  • This quiz has been taken 103 times
  • The average score is 13 of 20

Answer Stats

ArtistSong% Correct
EminemLose Yourself
96%
50 Cent21 Questions
89%
50 CentP.I.M.P
89%
50 CentIn Da Club
89%
Linkin ParkFaint
83%
Linkin ParkNumb
83%
BeyoncéCrazy In Love
81%
White StripesSeven Nation Army
79%
Black Eyed PeasWhere Is The Love?
73%
Kelly ClarksonSince U Been Gone
73%
Justin TimberlakeRock Your Body
69%
Justin TimberlakeCry Me A River
69%
EvanescenceBring Me To Life
67%
EvanescenceMy Immortal
67%
DMXX Gon' Give It To Ya
48%
t.A.T.u.All The Things She Said
36%
blink-182I Miss You
34%
AudioslaveLike a Stone
16%
Three Days GraceI Hate Everything About You
16%
Lil Jon & the East Side BoyzGet Low
6%

Score Distribution

Percentile by Number Answered

Percent of People with Each Score

Your Score History

You have not taken this quiz